000 00305 a2200145 4500
001 168057
020 _a
040 _cMagnum
100 _aMartins, Maria Helena (Org.)
240 1 0 _aQuestoes de linguagem
_lpor
245 1 0 _aQuestoes de linguagem
362 0 _a1899
697 _aGERAL
942 _cBK
999 _c168057
_d168057